000 00248nam a2200121Ia 4500
999 _c7561
_d7561
020 _a9780195794489
082 _a823
_b1475
100 _aKamila Shamsie
245 0 _aSalt and Saffron
260 _aUK
_bAddision
_c2000
300 _a246
942 _cE-L